[Event "5.Oldie Turnier"]
[Site "Klingenberg am Main"]
[Date "2009.04.18"]
[Round "6"]
[White "Diamond, Novag"]
[Black "Super Expert B 6 MHz, Novag"]
[Result "0-1"]
[WhiteElo "2159"]
[BlackElo "2035"]
[PlyCount "119"]
[EventDate "2009.04.18"]
[EventType "team-tourn"]
[EventCountry "GER"]

1. d4 d5 2. c4 dxc4 3. e4 Nf6 4. e5 Nd5 5. Bxc4 Nb6 6. Bb3 Nc6 7. Nf3 Bg4 8.
Bxf7+ Kxf7 9. Ng5+ Ke8 10. Qxg4 Qxd4 11. Qe2 Qxe5 12. Be3 Nd5 13. Nf3 Qf5 14.
O-O e6 15. Nc3 Bd6 16. Nxd5 Qxd5 17. Rfd1 Qf5 18. Nd4 Nxd4 19. Bxd4 Rf8 20.
Bxg7 Rg8 21. Bd4 Qh3 22. g3 c6 23. Bxa7 Be7 24. Bd4 Rd8 25. f4 Rd5 26. Rac1 Ra5
27. a3 Rd5 28. Qg2 Qg4 29. Rd2 Bd6 30. Rf1 Kd7 31. Qf3 h5 32. Qxg4 hxg4 33.
Rfd1 c5 34. Bc3 Kc6 35. Kf2 b5 36. Ke3 Ra8 37. Bf6 Ra4 38. Bg7 Ra7 39. Rxd5
exd5 40. Bf6 Rh7 41. Rh1 Rh6 42. Bg5 Re6+ 43. Kd2 d4 44. f5 Re5 45. Rf1 c4 46.
Bf6 Re3 47. Bg7 Kd5 48. f6 Rb3 49. Ke1 Re3+ 50. Kf2 Be5 51. Kg1 Rf3 52. Rxf3
gxf3 53. Kf2 d3 54. Kxf3 Bxb2 55. a4 bxa4 56. Bh8 d2 57. Ke2 c3 58. f7 c2 59.
Bxb2 d1=Q+ 60. Kf2 0-1

[Event "5.Oldie Turnier"]
[Site "Klingenberg am Main"]
[Date "2009.04.18"]
[Round "6"]
[White "Kishon Chesster, Fidelity"]
[Black "MM II, Mephisto"]
[Result "1-0"]
[WhiteElo "1873"]
[BlackElo "1846"]
[PlyCount "97"]
[EventDate "2009.04.18"]
[EventType "team-tourn"]
[EventCountry "GER"]

1. e4 e5 2. Nf3 Nc6 3. Bb5 Nd4 4. Nxd4 exd4 5. O-O Bc5 6. Qh5 Qe7 7. Qg4 Qf8 8.
Qg3 Bb6 9. Qe5+ Ne7 10. d3 Rg8 11. Ba4 c5 12. Bd2 Rh8 13. Na3 f6 14. Qd6 f5 15.
f3 Nc6 16. Nc4 fxe4 17. fxe4 Qxd6 18. Nxd6+ Ke7 19. Nf7 Re8 20. Bg5+ Ke6 21.
Bb3+ d5 22. exd5+ Kd7 23. dxc6+ bxc6 24. Rae1 Bb7 25. Ne5+ Kc8 26. Bf7 Rf8 27.
Be7 Kc7 28. Bxf8 Rxf8 29. c3 dxc3 30. bxc3 Ba5 31. Rc1 Ba6 32. Rf4 Kd6 33. d4
cxd4 34. cxd4 Bb5 35. Re4 Bb6 36. Rce1 g5 37. R1e3 a5 38. a4 Ba6 39. Bc4 Bc8
40. Nf7+ Rxf7 41. Bxf7 Bf5 42. Kf2 Bxe4 43. Rxe4 Bc7 44. Re6+ Kd7 45. Rh6 Bb6
46. Ke3 Kd8 47. Rxc6 Ke7 48. Rxb6 Kxf7 49. Rb7+ 1-0

[Event "5.Oldie Turnier"]
[Site "Klingenberg am Main"]
[Date "2009.04.18"]
[Round "6"]
[White "Lyon 68020, Mephisto"]
[Black "Designer 2325, Fidelity"]
[Result "1-0"]
[WhiteElo "2140"]
[BlackElo "2156"]
[PlyCount "173"]
[EventDate "2009.04.18"]
[EventType "team-tourn"]
[EventCountry "GER"]

1. d4 Nf6 2. Nf3 g6 3. c4 Bg7 4. Nc3 d6 5. g3 O-O 6. Bg2 Nbd7 7. O-O e5 8. e4
c6 9. h3 Re8 10. Re1 a5 11. Rb1 exd4 12. Nxd4 Nc5 13. Bg5 h6 14. Bf4 Re7 15.
Nb3 Nxb3 16. Qxb3 Nh5 17. Be3 Be6 18. a4 Qd7 19. Kh2 Qc7 20. Red1 Rae8 21. Rd2
Nf6 22. Rbd1 Rd7 23. Bf4 Red8 24. Kg1 Nh5 25. Be3 Re8 26. Bf1 Qd8 27. g4 Nf6
28. Bb6 Qa8 29. Rxd6 Rxd6 30. Rxd6 Nd7 31. Rd1 Qa6 32. Bd4 Bxd4 33. Rxd4 Ne5
34. Rd1 Nxc4 35. Qa2 b5 36. axb5 cxb5 37. b3 Nd6 38. e5 Bxb3 39. Qxb3 Rxe5 40.
Rd5 Re6 41. Nxb5 Qb6 42. Nd4 Nb7 43. Rd7 Nc5 44. Qxb6 Rxb6 45. Ra7 a4 46. Ra5
Ne4 47. Rxa4 Rb1 48. Nf3 Nc3 49. Rc4 Nd5 50. Rd4 Nc3 51. Kg2 Rb7 52. Ba6 Re7
53. Bc4 Kg7 54. Nd2 f5 55. gxf5 gxf5 56. Kf3 Kh7 57. Bd3 Kg6 58. Nc4 Ne4 59.
Bxe4 fxe4+ 60. Rxe4 Rb7 61. Nd6 Rb6 62. Re6+ Kh5 63. Kg2 Rc6 64. f4 Rb6 65. f5
Rb2+ 66. Kf1 Rb1+ 67. Ke2 Rb2+ 68. Kf3 Rb3+ 69. Kf4 Rb4+ 70. Ke5 Ra4 71. Nf7
Kh4 72. Rxh6+ Kg3 73. f6 Ra5+ 74. Ke6 Ra4 75. Nd6 Ra8 76. f7 Kh2 77. Rh7 Kh1
78. Rg7 Rh8 79. Rg8 Rh6+ 80. Ke5 Rh5+ 81. Kf4 Rh4+ 82. Kg5 Rxh3 83. f8=Q Kg1
84. Qf4 Rh8 85. Rxh8 Kg2 86. Ne4 Kg1 87. Qf2# 1-0

[Event "5.Oldie Turnier"]
[Site "Klingenberg am Main"]
[Date "2009.04.18"]
[Round "6"]
[White "MM V + HG 550, Mephisto"]
[Black "D+ 8 MHz, Saitek"]
[Result "1/2-1/2"]
[WhiteElo "1974"]
[BlackElo "2034"]
[PlyCount "147"]
[EventDate "2009.04.18"]
[EventType "team-tourn"]
[EventCountry "GER"]

1. d4 Nf6 2. c4 e6 3. Nc3 Bb4 4. e3 b6 5. Nge2 Ba6 6. a3 Bxc3+ 7. Nxc3 d5 8. b3
O-O 9. Be2 Nc6 10. Bd2 e5 11. dxe5 Nxe5 12. cxd5 Nd3+ 13. Bxd3 Bxd3 14. Bc1 Ba6
15. e4 Re8 16. f3 Qd6 17. Be3 c6 18. dxc6 Qxc6 19. Rc1 Qe6 20. Ne2 Nxe4 21.
fxe4 Qxe4 22. Rc3 Rad8 23. Qc2 Bd3 24. Rxd3 Rxd3 25. Bg5 Qxg2 26. Qxd3 Qxh1+
27. Kd2 Qxh2 28. Be3 Kh8 29. Qd4 Qh3 30. Qf4 Qh5 31. Nc3 Qg6 32. Nb5 Qg2+ 33.
Qf2 Qd5+ 34. Nd4 Qa5+ 35. Ke2 f6 36. a4 Qc3 37. Qf4 a6 38. Kf2 Qd3 39. Qf3 a5
40. Qh3 Qc3 41. Qf3 h6 42. Qg3 Qd3 43. Qf3 Re5 44. Qh3 Rd5 45. Qc8+ Kh7 46. Ne6
Rf5+ 47. Nf4 b5 48. axb5 Qxb5 49. Qc2 Qe5 50. Qd3 h5 51. Kg1 Qb5 52. Qc2 h4 53.
Ng2 g5 54. Bd4 Qf1+ 55. Kh2 Kh6 56. Qc4 Qxc4 57. bxc4 a4 58. Ne3 Rf4 59. c5 a3
60. c6 a2 61. c7 Rxd4 62. c8=Q Rd2+ 63. Kh3 Rh2+ 64. Kg4 Rg2+ 65. Nxg2 a1=Q 66.
Qf8+ Kh7 67. Qf7+ Kh6 68. Qf8+ Kh7 69. Qe7+ Kg6 70. Qe8+ Kg7 71. Ne3 Qd4+ 72.
Kh5 Qe5 73. Qxe5 (73. Nf5+ Qxf5 74. Qe7+ Kg8 75. Kh6) 73... fxe5 74. Kxg5
1/2-1/2

[Event "5.Oldie Turnier"]
[Site "Klingenberg am Main"]
[Date "2009.04.18"]
[Round "6"]
[White "Miami 24 MHz, Mephisto"]
[Black "Polgar 25 MHz, Mephisto"]
[Result "0-1"]
[WhiteElo "2100"]
[BlackElo "2127"]
[PlyCount "90"]
[EventDate "2009.04.18"]
[EventType "team-tourn"]
[EventCountry "GER"]

1. e4 c6 2. d4 d5 3. exd5 cxd5 4. c4 Nf6 5. Nc3 {Miami letzter Buchzug} Nc6 {
Polgar letzter Buchzug} 6. cxd5 Nxd5 7. Bb5 Nxc3 8. bxc3 Qd5 9. Bxc6+ Qxc6 10.
Qf3 Bd7 11. Bb2 e6 12. Rc1 Qa4 13. Qe2 Qxa2 14. Nf3 Bd6 15. O-O Bc6 16. Ra1 Qd5
17. Rfe1 Bb5 18. Qe4 Qxe4 19. Rxe4 O-O 20. Ne5 Rfc8 21. Ba3 Bxa3 22. Rxa3 f6
23. Nf3 Kf7 24. Rf4 Ke7 25. Rg4 g5 26. Rg3 h5 27. h4 g4 28. Nd2 a5 29. f3 gxf3
30. gxf3 Kf7 31. Kf2 a4 32. Ke3 b6 33. Rg1 Bc6 34. Nc4 Rcb8 35. Nd6+ Ke7 36.
Nc4 b5 37. Rg7+ Kf8 38. Rc7 bxc4 39. Rxc6 Rb3 40. Rxb3 cxb3 41. Rxe6 a3 42.
Rxf6+ Ke7 43. Rb6 a2 44. Rxb3 a1=Q 45. Rb7+ Kd6 0-1

[Event "5.Oldie Turnier"]
[Site "Klingenberg am Main"]
[Date "2009.04.18"]
[Round "6"]
[White "Milano, Mephisto"]
[Black "Amsterdam, Mephisto"]
[Result "1-0"]
[WhiteElo "2022"]
[BlackElo "1943"]
[PlyCount "135"]
[EventDate "2009.04.18"]
[EventType "team-tourn"]
[EventCountry "GER"]

1. e4 e5 2. Nf3 Nc6 3. Bb5 a6 4. Ba4 Nf6 5. O-O Be7 6. Qe2 b5 7. Bb3 O-O 8. c3
d6 9. a4 Na5 10. Bd1 Bd7 11. d4 exd4 12. cxd4 c6 13. b4 Nc4 14. Nbd2 Nxd2 15.
Bxd2 d5 16. e5 Ne4 17. Bc2 Bf5 18. Rfc1 h6 19. h3 Qd7 20. Qe3 Nxd2 21. Bxf5
Qxf5 22. Qxd2 Qg6 23. Qc3 Rfc8 24. a5 Ra7 25. Ra2 Rac7 26. Rac2 Qf5 27. Qb3 Qg6
28. Rc3 Rd7 29. Re1 Rb8 30. e6 Rd6 31. exf7+ Qxf7 32. Ne5 Qf6 33. Nxc6 Re8 34.
Rc5 Qf7 35. Nxe7+ Rxe7 36. Rc8+ Kh7 37. Qc2+ Rg6 38. Re5 Rxe5 39. dxe5 Qd7 40.
Rc7 Qe6 41. f4 Kg8 42. f5 Qxe5 43. Rc8+ Kf7 44. fxg6+ Kf6 45. Rc6+ Kg5 46. Qd2+
Kh4 47. Qf2+ Kg5 48. Rxa6 Qa1+ 49. Kh2 Qe5+ 50. g3 d4 51. Qd2+ Qe3 52. Qxe3+
dxe3 53. Re6 e2 54. Rxe2 h5 55. Re5+ Kxg6 56. Rxb5 Kf6 57. Rxh5 g6 58. Rc5 Ke6
59. a6 Kf6 60. b5 Ke6 61. Rc1 g5 62. b6 Kf5 63. a7 Ke4 64. a8=Q+ Ke3 65. b7 Kd2
66. Qa3 g4 67. b8=Q gxh3 68. Qbb2# 1-0

[Event "5.Oldie Turnier"]
[Site "Klingenberg am Main"]
[Date "2009.04.18"]
[Round "6"]
[White "Monte Carlo IV LE, Mephisto"]
[Black "Champion 2250XL, RadioShack"]
[Result "0-1"]
[WhiteElo "2006"]
[BlackElo "2118"]
[PlyCount "109"]
[EventDate "2009.04.18"]
[EventType "team-tourn"]
[EventCountry "GER"]

1. c4 e6 2. d4 Nf6 3. Nc3 Bb4 4. e3 O-O 5. Bd3 c5 6. Nf3 d5 7. O-O cxd4 8. exd4
dxc4 9. Bxc4 Nc6 10. a3 Ba5 11. Bf4 Nd5 12. Bxd5 exd5 13. b4 Bb6 14. Qd3 Bg4
15. b5 Ne7 16. Ne5 Bh5 17. Na4 Bc7 18. Qh3 Be2 19. Rfb1 Bxe5 20. Bxe5 Ng6 21.
f4 Rc8 22. Nc5 Nxe5 23. fxe5 b6 24. Nb7 Qg5 25. Nd6 Rc2 26. e6 Bh5 27. Rf1 fxe6
28. Rxf8+ Kxf8 29. Rf1+ Ke7 30. g4 Qxg4+ 31. Qxg4 Bxg4 32. Rf4 Bh5 33. Nf5+
exf5 34. Rxf5 Bf7 35. Rg5 Kf8 36. Rg3 Rc4 37. Rg4 Be8 38. Rf4+ Kg8 39. Rf3 Rxd4
40. Rb3 Rd2 41. h3 d4 42. Kf1 Bd7 43. Kg1 d3 44. h4 h6 45. a4 Bf5 46. Rb4 Rc2
47. Rd4 d2 48. Rd8+ Kf7 49. Kf1 Bg4 50. Rd4 d1=R+ 51. Rxd1 Bxd1 52. Ke1 Be2 53.
h5 g6 54. hxg6+ Kxg6 55. Kf2 0-1

[Event "5.Oldie Turnier"]
[Site "Klingenberg am Main"]
[Date "2009.04.18"]
[Round "6"]
[White "Star Ruby, Novag"]
[Black "Polgar, Mephisto"]
[Result "1/2-1/2"]
[WhiteElo "2036"]
[BlackElo "1984"]
[PlyCount "71"]
[EventDate "2009.04.18"]
[EventType "team-tourn"]
[EventCountry "GER"]

1. e4 e6 2. d4 d5 3. Nd2 Nf6 4. e5 Nfd7 5. Bd3 c5 6. c3 Nc6 7. Ne2 cxd4 8. cxd4
f6 9. exf6 Nxf6 10. O-O Bd6 11. Nf3 Qc7 12. Nc3 a6 13. Qa4 Ra7 14. Bg5 b5 15.
Qd1 Ng4 16. h3 Nh2 17. Nxh2 Bxh2+ 18. Kh1 Bf4 19. Nxd5 exd5 20. Re1+ Kf8 21.
Qf3 Nxd4 22. Qxf4+ Qxf4 23. Bxf4 Ne6 24. Rac1 Kf7 25. Be5 Rd8 26. Bxh7 g6 27.
Re3 Ng5 28. Bc7 Rf8 29. Bd6 Rd8 30. Bc7 Rf8 31. Bb8 Rb7 32. Bd6 Rd8 33. Bc7 Rf8
34. Bd6 Rd8 35. Bc7 Rf8 36. Bd6 1/2-1/2

[Event "5.Oldie Turnier"]
[Site "Klingenberg am Main"]
[Date "2009.04.18"]
[Round "6"]
[White "Turquoise, Novag"]
[Black "Explorer Pro, Mephisto"]
[Result "0-1"]
[WhiteElo "2021"]
[BlackElo "2048"]
[PlyCount "128"]
[EventDate "2009.04.18"]
[EventType "team-tourn"]
[EventCountry "GER"]

1. e4 c5 2. Nf3 d6 3. d4 cxd4 4. Nxd4 Nf6 5. Nc3 Nc6 6. Bg5 e6 7. Qd2 Be7 8.
O-O-O O-O 9. Nb3 a5 10. Bb5 a4 11. Bxf6 axb3 12. Bxe7 bxa2 13. Bxd8 a1=Q+ 14.
Nb1 Rxd8 15. Qc3 Ra5 16. b3 Ra2 17. f4 d5 18. Qxa1 Rxa1 19. Kb2 Ra5 20. exd5
exd5 21. Be2 Nb4 22. Na3 Bf5 23. c3 Rda8 24. Ra1 Nd3+ 25. Bxd3 Bxd3 26. Rhe1
Be4 27. g4 Kf8 28. h3 f5 29. Nc2 Rxa1 30. Nxa1 fxg4 31. hxg4 Bf3 32. g5 Be4 33.
Nc2 Kf7 34. Rd1 Kg6 35. Ne3 Rd8 36. Rd4 Rf8 37. Nxd5 Bxd5 38. Rxd5 Rxf4 39. Kc2
Rf2+ 40. Kd3 Rf1 41. Rc5 Rf5 42. Rc7 b5 43. Ke4 Rxg5 44. Rc6+ Kf7 45. Rc7+ Ke6
46. Ra7 Rg4+ 47. Kf3 h5 48. Ra5 Rg5 49. c4 h4 50. Rxb5 Rxb5 51. cxb5 Kd6 52.
Kg4 g5 53. b6 Kc6 54. b7 Kxb7 55. Kh3 Kb6 56. Kg4 Ka5 57. Kf3 h3 58. Kf2 g4 59.
Kg3 Kb4 60. Kh2 Kxb3 61. Kg3 Kc2 62. Kh2 Kd3 63. Kh1 g3 64. Kg1 Ke2 0-1

[Event "5.Oldie Turnier"]
[Site "Klingenberg am Main"]
[Date "2009.04.19"]
[Round "7"]
[White "Brute Force, Saitek"]
[Black "Lyon 68020, Mephisto"]
[Result "1-0"]
[WhiteElo "2062"]
[BlackElo "2140"]
[PlyCount "57"]
[EventDate "2009.04.18"]
[EventType "team-tourn"]
[EventCountry "GER"]

1. d4 d5 2. c4 dxc4 3. Nf3 a6 4. e3 Bg4 5. Bxc4 e6 6. h3 Bh5 7. Nc3 Nf6 8. O-O
c5 9. dxc5 Nc6 10. Na4 Nd7 11. b4 Nxb4 12. Rb1 a5 13. Bb5 Nc6 14. Nb6 Bg6 15.
Rb2 Nxb6 16. Bxc6+ bxc6 17. cxb6 Qxd1 18. Rxd1 Rb8 19. Ne5 Be4 20. Nd7 Rb7 21.
Nxf8 Rxf8 22. f3 Bg6 23. Rbd2 f5 24. Ba3 Rg8 25. Rd8+ Kf7 26. Rxg8 Kxg8 27.
Rd8+ Be8 28. Rxe8+ Kf7 29. Re7+ 1-0

[Event "5.Oldie Turnier"]
[Site "Klingenberg am Main"]
[Date "2009.04.19"]
[Round "7"]
[White "Champion 2250XL, RadioShack"]
[Black "Citrine, Novag"]
[Result "0-1"]
[WhiteElo "2118"]
[BlackElo "2049"]
[PlyCount "110"]
[EventDate "2009.04.18"]
[EventType "team-tourn"]
[EventCountry "GER"]

1. d4 d5 2. Nf3 Nf6 3. c4 dxc4 4. e3 Bg4 5. Bxc4 e6 6. Qb3 Bxf3 7. gxf3 Nbd7 8.
Qxb7 c5 9. Nd2 cxd4 10. exd4 Be7 11. Rg1 O-O 12. f4 a5 13. Qg2 g6 14. f5 exf5
15. Nf3 Re8 16. Be3 Qb6 17. Rc1 Qxb2 18. Ng5 Rac8 19. Bxf7+ Kg7 20. Rd1 Qb4+
21. Bd2 Bd6+ 22. Ne6+ Kxf7 23. Bxb4 Rxe6+ 24. Kf1 axb4 25. d5 Re5 26. f4 Rxd5
27. Rxd5 Rc1+ 28. Ke2 Rxg1 29. Qxg1 Nxd5 30. Kd3 Nxf4+ 31. Kc2 Nf6 32. Qd4 Ke6
33. h4 N6d5 34. Qh8 Nf6 35. Kb3 Ke5 36. Qg7 Ne6 37. Qa7 Bc5 38. Qb8+ Kd4 39.
Qb7 Bd6 40. Qc6 Ne4 41. Qb6+ Ke5 42. Qb5+ Kf6 43. Qe8 Bf8 44. Qb8 f4 45. Qa7 f3
46. Qe3 f2 47. Qf3+ Kg7 48. Ka4 Bc5 49. Qxe4 f1=Q 50. Qxe6 Qf5 51. Qe2 Qd5 52.
Qb2+ Kf7 53. Qb3 Ke6 54. Qc2 Bd6 55. Qb3 Qxb3+ 0-1

[Event "5.Oldie Turnier"]
[Site "Klingenberg am Main"]
[Date "2009.04.19"]
[Round "7"]
[White "D+ 8 MHz, Saitek"]
[Black "Monte Carlo IV LE, Mephisto"]
[Result "1/2-1/2"]
[WhiteElo "2034"]
[BlackElo "2006"]
[PlyCount "107"]
[EventDate "2009.04.18"]
[EventType "team-tourn"]
[EventCountry "GER"]

1. e4 e6 2. d4 d5 3. Nd2 Nf6 4. e5 Nfd7 5. c3 c5 6. f4 cxd4 7. cxd4 Nc6 8. Ngf3
Bb4 9. a3 Ba5 10. Bd3 Bb6 11. Qa4 O-O 12. O-O f5 13. Nb3 Bc7 14. Be3 Nb6 15.
Qb5 a6 16. Qc5 Nc4 17. Bxc4 Bb6 18. Qd6 dxc4 19. Nbd2 Qxd6 20. exd6 Na5 21. Ne5
Rd8 22. Ndxc4 Nxc4 23. Nxc4 Ba7 24. a4 b6 25. Ra3 Bb7 26. Rc1 Rac8 27. Rac3 g6
28. b4 Bd5 29. Ne5 Rxc3 30. Rxc3 Bb8 31. Nc6 Bxc6 32. Rxc6 Bxd6 33. Rxb6 Kf7
34. Kf2 Ke7 35. Bd2 Rb8 36. Rxb8 Bxb8 37. b5 axb5 38. axb5 Kd6 39. Ke3 Kd5 40.
Kd3 g5 41. g3 Ba7 42. Be3 gxf4 43. gxf4 Bb8 44. b6 Kc6 45. Kc4 Bd6 46. Kb3 Be7
47. Ka4 Kxb6 48. d5+ Kc7 49. dxe6 Kc6 50. Bd2 Kd5 51. Bb4 Kxe6 52. Bxe7 Kxe7
53. Kb5 Kd6 54. Kc4 1/2-1/2

[Event "5.Oldie Turnier"]
[Site "Klingenberg am Main"]
[Date "2009.04.19"]
[Round "7"]
[White "Explorer Pro, Mephisto"]
[Black "Dallas 68020, Mephisto"]
[Result "0-1"]
[WhiteElo "2048"]
[BlackElo "2093"]
[PlyCount "62"]
[EventDate "2009.04.18"]
[EventType "team-tourn"]
[EventCountry "GER"]

1. c4 e5 2. Nf3 e4 3. Nd4 Nc6 4. Nxc6 dxc6 5. Qc2 Nf6 6. Nc3 Bf5 7. Qb3 b6 8.
Qa4 Qd7 9. g3 Bc5 10. Bg2 O-O 11. O-O Bh3 12. b3 Bxg2 13. Kxg2 Qd6 14. Rb1 a5
15. Bb2 Rfe8 16. Rbd1 Rad8 17. d4 exd3 18. Rxd3 Qe6 19. Rxd8 Rxd8 20. Rb1 Ne4
21. Rf1 Rd2 22. Ba1 Nxc3 23. Bxc3 Rxe2 24. Kg1 Rxf2 25. Rxf2 Qe3 26. Kg2 Qxf2+
27. Kh3 Qf1+ 28. Kh4 Be7+ 29. Bf6 Bxf6+ 30. Kg4 h5+ 31. Kxh5 Qh3# 0-1

[Event "5.Oldie Turnier"]
[Site "Klingenberg am Main"]
[Date "2009.04.19"]
[Round "7"]
[White "Kishon Chesster, Fidelity"]
[Black "MM V + HG 550, Mephisto"]
[Result "0-1"]
[WhiteElo "1873"]
[BlackElo "1974"]
[PlyCount "84"]
[EventDate "2009.04.18"]
[EventType "team-tourn"]
[EventCountry "GER"]

1. e4 c6 2. d4 d5 3. Nc3 dxe4 4. Nxe4 Nd7 5. Bc4 Ngf6 6. Nxf6+ Nxf6 7. Nf3 e6
8. O-O Be7 9. Bd2 O-O 10. Qe2 Qb6 11. b3 c5 12. dxc5 Bxc5 13. Ne5 Bd7 14. Bg5
Rad8 15. Bxf6 gxf6 16. Nxd7 Rxd7 17. Qg4+ Kh8 18. Qf3 Bd4 19. c3 Be5 20. a4
Rfd8 21. Ra2 Qc6 22. Qe3 Rd1 23. f4 Rxf1+ 24. Kxf1 Rd1+ 25. Ke2 Rh1 26. Kf2 Bc7
27. Kg3 f5 28. Qd4+ e5 29. fxe5 Qg6+ 30. Kf3 Qh5+ 31. Kg3 Qxh2+ 32. Kf3 Bb6 33.
Qf4 Qh5+ 34. Kg3 Bg1 35. Bxf7 Bh2+ 36. Kf2 Qd1 37. Qc4 Qe1+ 38. Kf3 Qg3+ 39.
Ke2 Qxg2+ 40. Ke3 Bg1+ 41. Rf2 Qxf2+ 42. Kd3 Rh3# 0-1

[Event "5.Oldie Turnier"]
[Site "Klingenberg am Main"]
[Date "2009.04.19"]
[Round "7"]
[White "MM II, Mephisto"]
[Black "Amsterdam, Mephisto"]
[Result "1-0"]
[WhiteElo "1846"]
[BlackElo "1943"]
[PlyCount "169"]
[EventDate "2009.04.18"]
[EventType "team-tourn"]
[EventCountry "GER"]

1. d4 d5 2. Nf3 Nf6 3. c4 c6 4. e3 Bf5 5. cxd5 cxd5 6. Qb3 Qc8 7. Nc3 e6 8.
Bb5+ Nbd7 9. Nh4 Bg6 10. Nxg6 hxg6 11. Bd2 Qc7 12. Rc1 Qb6 13. Bxd7+ Nxd7 14.
Nb5 Rb8 15. Nc7+ Kd8 16. Qxb6 Nxb6 17. Nb5 Nc4 18. Rc2 Nxd2 19. Rxd2 Bb4 20.
Nc3 Bxc3 21. bxc3 Rc8 22. Rc2 Ke7 23. f4 Kf6 24. O-O Kf5 25. h3 b6 26. Kf2 Ke4
27. Rb1 Rc7 28. Ke2 Rhc8 29. Rb3 Rc6 30. a4 Rc4 31. Ra3 f5 32. g3 R8c6 33. Rc1
Rc7 34. h4 Rc8 35. Rc2 R8c6 36. Rc1 Rc7 37. Rc2 R4c6 38. Rc1 Rc8 39. Rb3 Rc4
40. Ra3 R4c7 41. Rb3 Rd7 42. Kd2 Kf3 43. Rg1 Rc4 44. Ra3 Rdc7 45. Rd1 Kf2 46.
Rc1 Kg2 47. Rb1 Kxg3 48. Rg1+ Kxh4 49. Rxg6 Kh5 50. Rxe6 g5 51. fxg5 Kxg5 52.
Rd6 f4 53. Rxd5+ Kg4 54. exf4 Kxf4 55. Rb5 Rd7 56. a5 bxa5 57. Rbxa5 Rcc7 58.
R3a4 Re7 59. c4 Ke4 60. Kc3 Rcd7 61. Ra2 Rg7 62. Re2+ Kf3 63. Rd2 Rc7 64. d5
Ke3 65. Rd3+ Ke4 66. d6 Rcf7 67. Rad5 Rd7 68. R3d4+ Kf3 69. c5 Rg1 70. Kc4 Rc1+
71. Kb5 Rb7+ 72. Kc6 Rb6+ 73. Kc7 Rxd6 74. Kxd6 Ra1 75. Rd3+ Ke4 76. R5d4+ Kf5
77. Rf3+ Kg5 78. Rf8 Ra6+ 79. Ke5 Ra5 80. Rg8+ Kh5 81. Kf6 Ra6+ 82. Kf5 Rg6 83.
Rxg6 a6 84. Rg5+ Kh6 85. Rh4# 1-0

[Event "5.Oldie Turnier"]
[Site "Klingenberg am Main"]
[Date "2009.04.19"]
[Round "7"]
[White "Miami 24 MHz, Mephisto"]
[Black "Milano, Mephisto"]
[Result "0-1"]
[WhiteElo "2100"]
[BlackElo "2022"]
[PlyCount "124"]
[EventDate "2009.04.18"]
[EventType "team-tourn"]
[EventCountry "GER"]

1. e4 e5 2. Nc3 Nf6 3. f4 d5 4. fxe5 Nxe4 5. Nxe4 dxe4 6. d4 exd3 7. Bxd3 Nc6
8. Nf3 Bg4 9. Bf4 Bc5 10. Bb5 O-O 11. Bxc6 bxc6 12. h3 Bh5 13. Qe2 Rb8 14. Rd1
Qe7 15. g4 Bg6 16. c3 Rfd8 17. Rxd8+ Qxd8 18. e6 fxe6 19. Ng5 e5 20. Qxe5 Rxb2
21. Qxc5 Qd3 22. Qe3 Rb1+ 23. Kf2 Qxe3+ 24. Bxe3 Rxh1 25. Bxa7 Rh2+ 26. Ke3
Rxa2 27. Bd4 Ra1 28. Kf2 Bf7 29. Nxf7 Kxf7 30. Be5 Ra5 31. Bf4 Rc5 32. Bd2 Ke6
33. Ke3 g5 34. Be1 Re5+ 35. Kd2 Rd5+ 36. Ke2 Rb5 37. Bg3 Rb1 38. Bxc7 Rh1 39.
Bg3 Rxh3 40. Kf3 Kd5 41. Kg2 Rxg3+ 42. Kxg3 c5 43. Kf3 Kc4 44. Ke4 Kxc3 45. Kd5
c4 46. Ke4 Kd2 47. Kf5 h6 48. Ke4 c3 49. Kf5 Ke3 50. Kg6 Kf3 51. Kxh6 Kxg4 52.
Kg6 c2 53. Kf6 Kf4 54. Ke6 c1=Q 55. Kd5 g4 56. Kd4 Qd2+ 57. Kc4 g3 58. Kc5 Ke5
59. Kb5 g2 60. Kc5 g1=Q+ 61. Kc4 Qb1 62. Kc5 Qdc2# 0-1

[Event "5.Oldie Turnier"]
[Site "Klingenberg am Main"]
[Date "2009.04.19"]
[Round "7"]
[White "Polgar, Mephisto"]
[Black "Academy, Mephisto"]
[Result "0-1"]
[WhiteElo "1984"]
[BlackElo "2023"]
[PlyCount "170"]
[EventDate "2009.04.18"]
[EventType "team-tourn"]
[EventCountry "GER"]

1. d4 Nf6 2. c4 g6 3. Nc3 Bg7 4. e4 d6 5. Nf3 O-O 6. Be2 e5 7. O-O Nc6 (7...
exd4 8. Nd5) 8. d5 Ne7 9. Ne1 Nd7 10. Nd3 f5 11. Bd2 Nf6 12. f3 f4 13. g4 fxg3
14. hxg3 Bh3 15. Re1 Nh5 16. Nf2 Bd7 17. Kg2 Nf6 18. Rh1 a5 19. Nd3 b6 20. Rc1
a4 21. a3 Nc8 22. Bg5 Nxd5 23. Bxd8 Ne3+ 24. Kg1 Nxd1 25. Bxc7 Nxc3 26. Rxc3
Ra7 27. Bxb6 Nxb6 28. Kf2 Bc6 29. Kg2 Rc7 30. c5 dxc5 31. Nxc5 Rfc8 32. b4 axb3
33. Na6 Rd7 34. Rxb3 Rd2 35. Kf2 Nc4 36. Ke1 Rc2 37. Kd1 Na5 38. Rb8 Ba4 39.
Rxc8+ Rxc8+ 40. Kd2 Rc2+ 41. Ke3 Rxe2+ 42. Kxe2 Bb5+ 43. Kf2 Bxa6 44. Rd1 Nc4
45. Rd8+ Kf7 46. Ra8 Bb7 47. Ra7 Nd6 48. Ke3 h6 49. a4 Kf6 50. a5 h5 51. a6 Bc6
52. Rc7 Ba8 53. Ra7 Nc4+ 54. Kd3 Nb6 55. Rc7 g5 56. Rc2 h4 57. gxh4 gxh4 58.
Rh2 Kg5 59. Rb2 Nd7 60. Rg2+ Kh6 61. Rc2 Bf6 62. Rc7 Nb6 63. Rc1 Kg5 64. Ke3
Kh5 65. Ra1 Nd7 66. Kf2 Nc5 67. Kg2 Nd3 68. Kh2 Bg5 69. Ra2 Bf4+ 70. Kg1 h3 71.
Rc2 Ne1 72. Rc8 Nxf3+ 73. Kf2 h2 74. Rh8+ Kg4 75. Rh7 Ng5 76. Rxh2 Bxh2 77. Ke3
Nxe4 78. Ke2 Nc5 79. a7 Kf4 80. Ke1 Bg3+ 81. Kf1 Kf3 82. Kg1 e4 83. Kf1 e3 84.
Kg1 e2 85. Kh1 e1=Q# (85... e1=B) 0-1

[Event "5.Oldie Turnier"]
[Site "Klingenberg am Main"]
[Date "2009.04.19"]
[Round "7"]
[White "Polgar 25 MHz, Mephisto"]
[Black "Super Expert B 6 MHz, Novag"]
[Result "1/2-1/2"]
[WhiteElo "2127"]
[BlackElo "2035"]
[PlyCount "205"]
[EventDate "2009.04.18"]
[EventCountry "GER"]

1. c4 e5 2. Nc3 Nc6 3. Nf3 Nf6 4. g3 Bb4 5. Bg2 O-O 6. O-O Re8 7. Nd5 Nxd5 8.
cxd5 Nd4 9. Ne1 c6 10. e3 Nb5 11. d3 Nc7 12. Nc2 Bf8 13. dxc6 bxc6 14. f4 exf4
15. Rxf4 Ne6 16. Rf2 Ba6 17. b4 Qb6 18. a3 Qb5 19. Ne1 Qe5 20. d4 Qd6 21. Bb2
Qe7 22. e4 Rac8 23. Rc1 Qg5 24. Nf3 Qe3 25. Ne5 Re7 26. Ng4 Qd3 27. Qxd3 Bxd3
28. Ne5 Ba6 29. Bh3 Rce8 30. Bxe6 fxe6 31. a4 Rd8 32. Ba3 Ree8 33. Rf7 d6 34.
Rxa7 dxe5 35. Rxa6 Rxd4 36. Rb6 Ra8 37. a5 c5 38. bxc5 Rxe4 39. Bb4 Be7 40. Rb7
Bg5 41. Rc2 Be7 42. Rxe7 Rxb4 43. Rxe6 Kf7 44. Rxe5 Rb1+ 45. Kg2 Rxa5 46. Rf2+
Kg6 47. Re6+ Kh5 48. Rf7 Rxc5 49. Rxg7 Rb2+ 50. Kh3 Rc3 51. Rd7 Rc5 52. Rxh7+
Kg5 53. Reh6 Rc1 54. Rh8 Rg1 55. Ra6 Rgg2 56. Rg8+ Kf5 57. g4+ Ke5 58. Ra5+ Ke6
59. g5 Rxh2+ 60. Kg4 Rhg2+ 61. Kh5 Kf7 62. Raa8 Rh2+ 63. Kg4 Rhg2+ 64. Kf3
Rbf2+ 65. Ke4 Re2+ 66. Kd5 Rd2+ 67. Ke5 Rde2+ 68. Kd4 Rd2+ 69. Kc4 Rg4+ 70. Kc5
Rc2+ 71. Kd6 Rd2+ 72. Ke5 Rdg2 73. Kf5 R4g3 74. Raf8+ Ke7 75. Rc8 Kf7 76. Rb8
Rf2+ 77. Ke5 Re2+ 78. Kf4 Reg2 79. Rbf8+ Ke7 80. Ra8 Kf7 81. Rad8 Ke6 82. Rg6+
Ke7 83. Ra8 Kf7 84. Rf6+ Kg7 85. Ra7+ Kg8 86. Rg6+ Kf8 87. Rh7 Rb3 88. Ke4 Rb5
89. Rhg7 Re2+ 90. Kf3 Re7 91. Rg8+ Kf7 92. R6g7+ Ke6 93. Kg4 Rxg7 94. Rxg7 Rb4+
95. Kh5 Rb1 96. Ra7 Rh1+ 97. Kg6 Rg1 98. Kh6 Rh1+ 99. Kg7 Rg1 100. Ra6+ Kd5
101. Kf7 Rf1+ 102. Rf6 Rxf6+ 103. gxf6 {Und der Polgar überschritt die Zeit...}
1/2-1/2

[Event "5.Oldie Turnier"]
[Site "Klingenberg am Main"]
[Date "2009.04.19"]
[Round "7"]
[White "Sapphire II, Novag"]
[Black "Turquoise, Novag"]
[Result "1-0"]
[WhiteElo "2138"]
[BlackElo "2021"]
[PlyCount "49"]
[EventDate "2009.04.18"]
[EventType "team-tourn"]
[EventCountry "GER"]

1. e4 {0s} d5 2. exd5 Nf6 3. c4 e6 4. d4 Bb4+ 5. Bd2 Bxd2+ 6. Nxd2 exd5 7. Qe2+
Be6 8. O-O-O dxc4 9. Nxc4 O-O 10. Nf3 Re8 11. Re1 Bd5 12. Qd3 Rxe1+ 13. Nxe1 a6
14. Nc2 b5 15. Ne5 Bxa2 16. b3 c6 17. Kb2 Qa5 18. Qf5 Kf8 19. Qc8+ Ne8 20. Nxc6
Nxc6 21. Qxa8 Ne7 22. Qe4 b4 23. Qe5 Qxe5 24. dxe5 Bxb3 25. Kxb3 1-0